000 00772nam a2200205Ii 4500
003 JO-AjNU
008 230605s9999||||xx |||||||||||||| ||und||
040 _aJO-AjNU
_bara
_erda
_cJO-AjNU
041 _aara
050 1 4 _aBP501.5.R3222.2006
100 3 _aاعداد الربايعة ، محمد أحمد ,
_eauthor
_921260
245 0 0 _aأحكام الغيث في الفقة الإسلامي
250 _a(د،ط)
264 3 1 _aعمان : دار النفائس ،2006
300 _a144ص
_bيشتمل على قائمة المصادر والمراجع الببلوغرافية ص ( 137 - 142 )
336 _atext
_btxt
_2rdacontent
337 _aunmediated
_bn
_2rdamedia
338 _avolume
_bnc
_2rdacarrier
650 4 _aالأمطار (فقه إسلامي)
_921261
999 _aA7355
_c10923
_d10923